Sports Quiz

Random Sports or NBA Quiz

Second Best Player on Each NBA Team 2017-2018 Quiz Stats

 Plays Quiz not verified by Sporcle

Score 0/30 Timer 11:00
0 Plays Today
% Correct
Gordon Hayward
98.5%
Stephen Curry
98.4%
Dirk Nowitzki
98.3%
Nicolas Batum
98.2%
Chris Paul
98.2%
Kentavious Caldwell-Pope
98.2%
Goran Dragic
98.1%
DeMarcus Cousins
98.1%
Dwyane Wade
98%
Paul George
98%
Kent Bazemore
97.9%
Isaiah Thomas
97.9%
DeAndre Jordan
97.9%
CJ McCollum
97.9%
LaMarcus Aldridge
97.9%
% Correct
Jeremy Lin
97.8%
Victor Oladipo
97.8%
Khris Middleton
97.8%
Carmelo Anthony
97.8%
Kyle Lowry
97.8%
Bradley Beal
97.7%
Nikola Jokic
97.6%
Mike Conley
97.6%
Ben Simmons
97.5%
Ricky Rubio
97.5%
Karl-Anthony Towns
97.4%
Buddy Hield
97.4%
Reggie Jackson
97.4%
Evan Fournier
97%
Devin Booker
97%

You're not logged in!

Compare scores with friends on all Sporcle quizzes.
OR
Log In

Sporcle TV

Today on Sporcle TV


Watch our educational content, quiz creation guides, and fun videos on Sporcle TV.

Show Comments

Extras

Top Quizzes Today


Score Distribution

Your Account Isn't Verified!

In order to create a playlist on Sporcle, you need to verify the email address you used during registration. Go to your Sporcle Settings to finish the process.

Report this User

Report this user for behavior that violates our Community Guidelines.

Details: